Atuais ministros do Supremo Tribunal Federal - Statistics

Estatísticas Gerais
  • Esse quiz foi jogado 156 vezes
    29 desde o último reset
  • A pontuação média é 9 de 11
Estatísticas das Respostas
Ano de ingresso Ocupação anterior Resposta % Correto
2017 Ministro da Justiça Alexandre de Moraes
100%
2023 Ministro da Justiça Flávio Dino
100%
2006 Procuradora do Estado de Minas Gerais Cármen Lúcia
95%
2013 Procurador do Estado do Rio de Janeiro Luís Roberto Barroso
85%
2020 Desembargador do Tribunal Regional Federal da 1ª Região Nunes Marques
85%
2023 Advogado Cristiano Zanin
80%
2009 Advogado-Geral da União Dias Toffoli
80%
2002 Advogado-Geral da União Gilmar Mendes
80%
2021 Advogado-Geral da União André Mendonça
75%
2015 Procurador do Estado do Paraná Luiz Edson Fachin
70%
2011 Ministro do Superior Tribunal de Justiça Luiz Fux
70%
Nenhum quiz correspondente encontrado
Distribuição das Pontuações
Porcentagem de Pessoas com Cada Pontuação
Percentil de Números Respondidos
Sua Pontuação Histórica
Você não jogou esse quiz desde o último reset